000 00429nam a2200157Ia 4500
999 _c20242
_d20242
003 OSt
005 20200609101709.0
008 190216s9999||||xx |||||||||||||| ||und||
040 _coclc
082 _a327
_bCHH/R
100 _aChhabra, H K
_92597
245 0 _aRelations Of Nations /
_cH K Chhabra
260 _bSurjeet Pubs,
_c1983.
_aDelhi:
300 _a154p
942 _cBK
_2ddc
_h327
_iCHH/R
_k327
_mCHH/R